000 00573nam a2200229 a 4500
001 nice12345678
003 IN_TiNIC
005 20260116014344.0
008 100119s2006 chaa grp 000 0 eng
020 _a9798185733912
_c795
082 0 0 _a820
_bGWY
100 _aGwynn, Stephen
245 _aThe Masters of English Literature
260 _aChandigarh
_bAbhishek Pubs.
_c2006
300 _a375p
500 _aincludes index and biblioraphy
650 _aEnglish-Literature
700 1 _aGwynn, Stephen
902 _bSRS
942 _cBK
999 _c14959
_d14959